000 01170nkm a2200289 i 4500
001 3939
003 ES-MaACL
005 20250713062850.0
007 khrbo
008 070619s1987 sp --- g |001||spa d
100 0 _aAlfonso,
_d1902-1990
_919858
245 1 3 _aLa romanización de Vasconia [
_hFotografía] /
_cAlfonso (sello).
260 _a[S.l. :
_bs.n.],
_c1987.
300 _a2 fot. :
_bb. y n. ;
_c12 x 18 cm.
490 1 _aHistoria de Navarra
500 _aDatos basados en invitación.
511 0 _aInterviene: Julio Caro Baroja.
518 _aActo organizado por el Ateneo de Madrid en colaboración con la Asociación Cultural Navarra, celebrado en el salón de actos el martes, 20 de enero de 1987, a las 19:30 h.
600 1 4 _aCaro Baroja, Julio,
_d1914-1995
_935403
610 2 4 _aAteneo de Madrid-
_xActos culturales-
_y1987-
_vFotografías.
_91902
710 2 _aAteneo de Madrid.
_91875
710 2 _aAsociación Cultural Navarra.
_91545
830 0 _aHistoria de Navarra
_9176978
852 _aES-MaACL
_jFOT 5/1987
856 4 _uhttp://www.ateneodemadrid.net/biblioteca_digital/imagenes/1987/0005-1987.jpg
_zVer imagen
999 _c3939
_d3939